000 00307nam a22001337a 4500
003 SGT
020 _a9789354600333
082 _a005.7
_bTHA
100 _aTHAREJA REEMA
245 _aDATA SCIENCE AND MACHINE LEARNING WITH R
260 _aCHENNAI
_bMC GRAW HILL
_c2021
300 _a472
942 _2ddc
_cBK
_06
999 _c25209
_d25209